Les équipes ayant marqués au moins 1 but en finale de CDM - Statistiques

Statistiques générales
  • Ce quiz a été pris 320 fois
  • Le résultat moyen est 8 sur 12
Statistiques - réponses
rang pays buts nombre finales 1ère finale % Correct
1 Brésil 15 7 1950
97%
2 Allemagne (RFA) 12 8 1954
92%
3 France 11 4 1998
91%
5 italie 11 6 1934
83%
4 Argentine 11 5 1930
79%
6 Uruguay 6 2 1930
73%
7 Angleterre 4 1 1966
66%
11 Espagne 1 1 2010
64%
8 Croatie 2 1 2018
56%
9 Suède 2 1 1958
25%
8 Hongrie 4 2 1938
24%
10 Tchécoslovaquie 2 2 1934
19%
Aucun quiz correspondant
Distribution des résultats
% des personnes avec chaque résultat
Percentile par nombre de réponses
Votre historique - résultats
Vous n’avez pas pris ce quiz